<A>Mathcad primer for physical chemistry by M P Cady and C A Trapp (Record no. 1215123)

MARC details
000 -LEADER
fixed length control field 01098nam a2200313Ia 4500
003 - CONTROL NUMBER IDENTIFIER
control field OSt
005 - DATE AND TIME OF LATEST TRANSACTION
control field 20221007125340.0
008 - FIXED-LENGTH DATA ELEMENTS--GENERAL INFORMATION
fixed length control field 221006b |||||||| |||| 00| 0 eng d
020 ## - INTERNATIONAL STANDARD BOOK NUMBER
International Standard Book Number 0198503598 (pbk)
037 ## - SOURCE OF ACQUISITION
Terms of availability Textual
040 ## - CATALOGING SOURCE
Original cataloging agency CDL
Transcribing agency CDL
Language of cataloging eng
041 ## - LANGUAGE CODE
Source of code eng
Language code of text/sound track or separate title eng
100 ## - MAIN ENTRY--PERSONAL NAME
Personal name Cady M P
9 (RLIN) 721815
245 #0 - TITLE STATEMENT
Title <A>Mathcad primer for physical chemistry by M P Cady and C A Trapp
Remainder of title Trapp C A
260 ## - PUBLICATION, DISTRIBUTION, ETC.
Place of publication, distribution, etc. New
Name of publisher, distributor, etc. York Oxford University Press
Date of publication, distribution, etc. 1999
300 ## - PHYSICAL DESCRIPTION
Extent x, 334p
Dimensions cm.
490 ## - SERIES STATEMENT
Volume/sequential designation Includes CD-ROM
500 ## - GENERAL NOTE
General note Index 331-334p; ^n23/CSL/Carc/2001-2002/972^d2002-03-15^mPurchase; ; 2001-02/591^b2002-03-26^c313^d2002-03-18^eRs.1,057.50^fDhanraj Book Distributors; ; 2002-08-01^bSB^c2003-09-12^dJindal
650 ## - SUBJECT ADDED ENTRY--TOPICAL TERM
Topical term or geographic name entry element Data Processing
9 (RLIN) 601271
650 ## - SUBJECT ADDED ENTRY--TOPICAL TERM
Topical term or geographic name entry element Physical
9 (RLIN) 297719
650 ## - SUBJECT ADDED ENTRY--TOPICAL TERM
Topical term or geographic name entry element Chemistry
700 ## - ADDED ENTRY--PERSONAL NAME
Personal name Trapp C A
9 (RLIN) 721816
942 ## - ADDED ENTRY ELEMENTS (KOHA)
Classification part E:2:(9S), N9
Koha item type Textual
Source of classification or shelving scheme Colon Classification (CC)
Holdings
Withdrawn status Lost status Source of classification or shelving scheme Damaged status Not for loan Home library Current library Date acquired Source of acquisition Serial Enumeration / chronology Total Checkouts Full call number Barcode Date last seen Price effective from Koha item type
    Colon Classification (CC)     Department of Chemistry Library Department of Chemistry Library 2022-10-07 Dhanraj, Includes CD-ROM   E:2:(9S) N9 CD0006704 2022-10-07 2022-10-07 Textual
Copyright @ Delhi University Library System